zpět

Detail výsledku týmu

BB69, Hradec Králové

Datum a čas kvízu

22.5 Celkem bodů Celkový počet nahraných bodů na tomto kvízu bez doplňovacích otázek.
10. Pořadí na kvízu Konečné umístění týmu na tomto kvízu.

Zaznamenané odpovědi

# Otázka Odpověď Body Výsledky
1. Dívali jste se v sobotu během... 1
2. Mimořádně výhodná akce na jede... 1
3. Nominacím na Oscary vévodí fil... 0
4. Karlovarské minerální vody (KM... 0
5. Češi už znají soupeře, s nimiž... 0
6. Rok 1989 si přirozeně spojujem... 1
7. Je samozřejmé, že události v z... 1
8. V tomto roce skončil i komunis... 1
9. Nejen politikou živ je člověk.... 0
10. Lidé narození roku 1989 patří... 1